000 00294nam a22001337a 4500
008 170602b xxu||||| |||| 00| 0 eng d
020 _a1881089010
041 _aeng
080 _22ND
_a94(7/8)
100 _a18
101 _aSHH
245 _aFIRSTHAND AMERICA
_cBERNHARD,V
942 _2udc
_cBK
999 _c15820
_d15820